000 00384 a2200169 4500
001 71842
020 _a9788502035805
040 _cAnchieta - Colégio São Paulo
100 _aPerlman, Alina
240 1 0 _aOlhando para dentro
_lpor
245 1 0 _aOlhando para dentro
300 _a46
362 0 _a2001
440 1 _aSaraiva
650 4 _aLiteratura infanto-juvenil
942 _cBK
999 _c71842
_d71842